Deuda externa y financiamiento de la educación: su impacto en latinoamerica

Guardat en:
Dades bibliogràfiques
Autor principal: Reimers, Fernando (Autor)
Format: Llibre
Idioma:espanyol
Publicat: Santiago UNESCO 1991
Edició:2a. ed
Matèries:
Etiquetes: Afegir etiqueta
Sense etiquetes, Sigues el primer a etiquetar aquest registre!

MARC

LEADER 00000nam a2200000 a 4500
001 UCW7474
003 CL-VaPUC
008 930311e19910000CL |||||||||||||||||spa|d
082 0 4 |a 379.1  |b REI  |2 21 
100 0 |a Reimers, Fernando  |e author  |9 312625 
245 1 0 |a Deuda externa y financiamiento de la educación: su impacto en latinoamerica 
250 |a 2a. ed 
300 |a 221 p 
942 |c BK 
945 |d 19930311 00:00:00 
260 |a Santiago  |b UNESCO  |c 1991 
650 7 |a FINANCIACION DE LA EDUCACION  |2 CL-VaPUC  |9 309900 
650 0 |a Aspectos económicos  |9 255165 
650 0 |a Estado y educación   |9 311264 
651 0 |a América Latina   |9 255027 
583 |a last modification  |c 20170905 12:49:36  |k Rodrigo Vera 
999 |c 220214  |d 220212 
952 |0 0  |1 0  |4 0  |6 379_100000000000000_REI_1991  |7 0  |8 P  |9 212136  |a BIBEDU  |b BIBEDU  |c BIBEDU_PB  |d 2019-11-15  |i 2803895  |o 379.1 REI 1991  |p 2803895  |r 2024-01-25  |w 2019-11-15  |y BK  |k EDU 
952 |0 0  |1 0  |4 0  |6 379_100000000000000_REI_1991  |7 0  |8 P  |9 212137  |a BIBEDU  |b BIBEDU  |c BIBEDU_PB  |d 2019-11-15  |i 2803909  |o 379.1 REI 1991  |p 2803909  |r 2024-01-25  |w 2019-11-15  |y BK  |k EDU 
952 |0 0  |1 0  |4 0  |6 379_100000000000000_REI_1991  |7 0  |8 P  |9 212138  |a BIBEDU  |b BIBEDU  |c BIBEDU_PB  |d 2019-11-15  |i 3216233  |o 379.1 REI 1991  |p 3216233  |r 2024-01-25  |w 2019-11-15  |y BK  |k EDU 
952 |0 0  |1 0  |4 0  |6 379_100000000000000_REI_1991  |7 0  |8 A  |9 212139  |a BIBENE  |b BIBENE  |d 2019-11-15  |i 3216381  |o 379.1 REI 1991  |p 3216381  |r 2025-01-15  |w 2019-11-15  |y BK  |k ICO